Statistics for Grease Knowledge Quiz

Click here to take the quiz!

General Stats

  • This quiz has been taken 421 times
    (410 since last reset)
  • The average score is 9 of 12

Answer Stats

ClueAnswer% Correct
True or False: Stockard Channing played Rizzo in Grease?True
99%
How many pink ladies were there? (not including sandy)4
98%
Was Grease going to be a cartoon?Yes
94%
Where was Sandy from?Australia
93%
What colour are Sandy's shoes in 'You're the one that I want'Red
91%
What year was Grease released?1978
90%
Where did Danny and Sandy first meet?Beach
88%
What is the school called?Rydell High
72%
Who did Danny win the dance-off with?Cha-Cha
70%
What song was sung at the carnival at the end of the movie?We go together
61%
What was Sandy's last name?Olsson
21%
Why did Frency drop out of beuty school?Dyed her hair pink
6%

Score Distribution

Percentile by Number Answered

Percent of People with Each Score

Your Score History

You have not taken this quiz since the last reset